LEADER 01161nam a2200289 i 4500 001 000000146242 003 CaOOAMICUS 005 20060201000000.0 008 060201s2005 it u000 u ita u 013 $a122923 020 $a88-420-7650-3 040 $aSeMil$bita 245 10$aFilosofia della comunicazione /$ca cura di Claudia Bianchi e Nicla Vassallo. 260 $aBari :$bLaterza,$c2005. 300 $aXIV, 175 p. ;$c21 cm. 490 0 $aManuali Laterza ;$v216 500 $aContiene : Bibliografia. 650 4$aComunicazione - Filosofia.$0(OLS)http://semarc/subject/5015 700 1 $aVassallo, Nicla <1963- >.$0(OLS)http://semarc/name/45603 700 1 $aBianchi, Claudia.$0(OLS)http://semarc/name/52385 830 0$aManuali Laterza ;$v216.$0(OLS)http://semarc/title/5929 850 $aSeMil 852 $aSeMil$W1$xVenegono$y1$m2P VI 110$j98935$B98935$CSeMilBibl$Z2$F107260 $81 961 $aAcquisto: Mescat 996 $6020$a88-420-7650-3$9(OLS)http://semarc/number/134762 996 $6245$aFilosofia della comunicazione$9(OLS)http://semarc/title/213862 996 $6260$aBari :$bLaterza$9(OLS)http://semarc/publisher/29858 LEADER 01087nam a2200229 4500 001 000000360467 003 CaOOAMICUS 005 20241031152645.0 008 241025s2016 it a 000 u ita r 040 $aSeMil$bita 100 1 $aBertacchini, Roberto A. Maria,$c.$0(OLS)http://semarc/name/55113 245 13$aIl carisma dell'«unum» in don Zeno di Nomadelfia /$cdon Roberto A. M. Bertacchini. 264 1$a[S.l. :$bs.n.],$cstampa 2016$e(Roma :$fTrullo Comunicazione) 300 $aXV, 382 p. :$bill. ;$c24 cm 600 14$aSaltini, Zeno .$0(OLS)http://semarc/subject/1968 650 4$aNomadelfia .$0(OLS)http://semarc/subject/1969 850 $aSeMil 852 $aSeMil$W1$xVenegono$y1$m3F V 772$j252008$B251477$CSeMilBibl$Z2$F251477 $81 961 $aPerego don Stefano - Omaggio - Con dedica autografa (3 gennaio 2017) 996 $6245$aIl carisma dell'«unum» in don Zeno di Nomadelfia$9(OLS)http://semarc/title/450968 996 $6264$a[S.l. :$bs.n.]$9(OLS)http://semarc/publisher/29751